| 000 | 01546cas a2200421 a 4500 | ||
|---|---|---|---|
| 001 | 13757577 | ||
| 003 | BD-DhUL | ||
| 005 | 20170720154113.0 | ||
| 007 | t| | ||
| 008 | 041021c20059999nyuar o 0 a0eng c | ||
| 010 | _a 2004263210 | ||
| 016 | 7 |
_a013422999 _2Uk |
|
| 022 | 0 |
_a1555-7235 _l1555-7235 _21 |
|
| 035 | _a(OCoLC)ocm56482966 | ||
| 037 | _bPenguin Group, Inc., 375 Hudson St., New York, NY 10014 | ||
| 040 |
_aOrAhW _beng _cBD-DhUL _dTxCM _dDLC _dInU _dOCoLC _dOrPS _dUKMGB _dOCoLC |
||
| 042 |
_apcc _ansdp |
||
| 082 | 0 | 0 |
_a791.437 _220 _bLEO |
| 245 | 0 | 0 |
_aLeonard Maltin's movie guide / _cedited by Leonard Maltin |
| 260 |
_aNew York, N.Y. : _bPlume, _cc2004- |
||
| 300 |
_av. ; _c20 cm. |
||
| 310 | _aAnnual | ||
| 362 | 0 | _a2005 ed.- | |
| 500 | _aEditor: 2005- Leonard Maltin. | ||
| 530 | _aAlso issued online. | ||
| 588 | _aDescription based on first issue; title from cover. | ||
| 588 | _aLatest issue consulted: 2006. | ||
| 650 | 0 |
_aMotion pictures _vReviews _vPeriodicals. |
|
| 700 | 1 | _aMaltin, Leonard. | |
| 780 | 0 | 0 |
_tLeonard Maltin's movie and video guide _x1082-9466 _w(DLC) 95660765 _w(OCoLC)25053120 |
| 850 | _aDLC | ||
| 852 | _xuniversal pattern | ||
| 853 | 2 | 0 |
_81 _a(year) _wa |
| 863 | 4 | 1 |
_81.1 _a2005 |
| 906 |
_a7 _bcbc _cserials _d2 _encip _f20 _gn-oclcserc |
||
| 942 |
_2ddc _cREF |
||
| 955 |
_adm09 2004-10-21 to Selection Officer _aejm, 2004-10-27 to SRD/P&R _add00 2004-12-03 SERCAT3 _idd17 2004-12-23 ready for review _cdf12 2005-04-21 (ISSN) (surrogate) _aBarcode 00260965888 returned from bindery 2009-09-21 |
||
| 999 |
_c212159 _d212159 |
||